| 000 | 00533nam a2200181Ia 4500 | ||
|---|---|---|---|
| 008 | 100917s9999 xx 000 0 und d | ||
| 082 | _b3307 | ||
| 100 | _aविविध ज्ञान विस्तार | ||
| 245 | _aविविध काव्य माला | ||
| 260 |
_b--- _c1921 |
||
| 300 | _a198 | ||
| 365 | _b1 | ||
| 520 | _aकविता | ||
| 630 | _aविविध काव्य माला | ||
| 650 | _aकविता | ||
| 730 | _aविविध काव्य माला | ||
| 942 | _cBOOK | ||
| 999 |
_c608701 _d608698 |
||